|
|
|
|
| LEADER |
00000nab a2200000 a 4500 |
| 001 |
vtls000205703 |
| 003 |
SK-MaSNL |
| 005 |
20260302203534.0 |
| 008 |
140416c1984 xo 0 slo |
| 015 |
|
|
|a SNBRB19rr/mm-uuuuu
|
| 035 |
|
|
|a CL0215816
|
| 040 |
|
|
|a SNKBUCL
|b slo
|c SNKBUCL
|e AACR2
|
| 041 |
0 |
|
|a slo
|
| 044 |
|
|
|a xo
|c SK
|
| 080 |
|
|
|a 591.3
|2 1981
|
| 100 |
1 |
|
|a Dobias, J.
|4 aut
|9 632354
|
| 245 |
1 |
0 |
|a Molecular Aspect of Early Development
|c J. Dobias ; M. G. Malacinski, H. W. Klein
|
| 650 |
0 |
7 |
|a živočíchy
|2 snkbucl
|9 1094
|
| 655 |
|
7 |
|a články z novín a časopisov
|2 snkbucl
|9 267496
|
| 700 |
1 |
|
|a Malacinski, M. G.
|4 aut
|9 926789
|
| 700 |
1 |
|
|a Klein, H. W.
|4 aut
|9 926790
|
| 773 |
0 |
|
|t Biológia
|g Roč. 39, č. 12 (1984), s. 1234-1235
|
| 787 |
0 |
8 |
|i Rec.:
|a Malacinski, M. G.
|t Molecular Aspect of Early Development
|d New York and London : Plenum Press, 1984
|
| 850 |
|
|
|a Slovenská národná knižnica v Martine
|a MTA001
|
| 852 |
|
|
|a SNK
|b KIS3GCP
|
| 958 |
|
|
|a RK
|
| 992 |
|
|
|a RBX
|
| 999 |
|
|
|c 1469613
|d 1471543
|